Montagnes par silhouette - Statistiques

Statistiques générales
  • Ce quiz a été pris 154 fois
    146 depuis la dernière actualisation
  • Le résultat moyen est 6 sur 20
Statistiques - réponses
Par images Réponse % Correct
Cervin
87%
Kilimandjaro
81%
Mont fuji
80%
K2
62%
Everest
58%
Mont blanc
52%
Barre des Ecrins
32%
McKinley
29%
Grandes Jorasses
26%
Aconcagua
20%
Fitz Roy
15%
Elbrouz
11%
Massif Vinson
11%
Manaslu
9%
Piton des neiges
8%
Puncak Jaya
8%
Watzmann
3%
Mauna Kea
2%
Grossglockner
1%
Pic d'Orizaba
1%
Aucun quiz correspondant
Distribution des résultats
% des personnes avec chaque résultat
Percentile par nombre de réponses
Votre historique - résultats
Vous n’avez pas pris ce quiz depuis la dernière actualisation